A study on the relationship between employees 'Trust, employees' attitudes and behaviors and organizational effectivenes with reference to real estate developers, in Coimbatore district, Tamil Nadu (Record no. 103036)

000 -LEADER
fixed length control field 00593pab a2200169 454500
008 - FIXED-LENGTH DATA ELEMENTS--GENERAL INFORMATION
fixed length control field 180718b2013 xxu||||| |||| 00| 0 eng d
100 ## - MAIN ENTRY--PERSONAL NAME
Personal name Rajendraprasad, K.N.
245 ## - TITLE STATEMENT
Title A study on the relationship between employees 'Trust, employees' attitudes and behaviors and organizational effectivenes with reference to real estate developers, in Coimbatore district, Tamil Nadu
260 ## - PUBLICATION, DISTRIBUTION, ETC.
Date of publication, distribution, etc. 2013
300 ## - PHYSICAL DESCRIPTION
Extent p.67-70.
362 ## - DATES OF PUBLICATION AND/OR SEQUENTIAL DESIGNATION
Dates of publication and/or sequential designation Jul-Dec
650 ## - SUBJECT ADDED ENTRY--TOPICAL TERM
Topical term or geographic name entry element Employees
700 ## - ADDED ENTRY--PERSONAL NAME
Personal name Ramachandran, A.
773 ## - HOST ITEM ENTRY
Main entry heading South Asian Journal of Socio-Political Studies
908 ## - PUT COMMAND PARAMETER (RLIN)
Put command parameter N
909 ## -
-- 103039
Holdings
Withdrawn status Lost status Damaged status Not for loan Permanent Location Current Location Date acquired Serial Enumeration / chronology Barcode Date last seen Price effective from Koha item type
        Indian Institute of Public Administration Indian Institute of Public Administration 2018-07-19 Volume no: 14, Issue no: 1 AR103499 2018-07-19 2018-07-19 Articles

Powered by Koha